[Event "AUTO-OPEN-3080"]
[Site "http://www.queenalice.com/game.php?id=1217399"]
[Date "2013.9.16"]
[Round "1"]
[White "Aspayne"]
[Black "Enroque"]
[Result "0-1"]
[WhiteElo "2063"]
[BlackElo "1790"]

1. e4 e5 2. Nf3 Nf6 3. Nc3 Nc6 4. Nxe5 Nxe5 5. d4 Ng6 6. e5 Qe7 7. f4 d6 8. Qe2
dxe5 9. fxe5 Ng8 10. Nd5 Qd7 11. Qf3 c6 0-1

[Event "AUTO-ADV-2958"]
[Site "http://www.queenalice.com/game.php?id=1217462"]
[Date "2013.9.16"]
[Round "1"]
[White "TITAN10"]
[Black "Enroque"]
[Result "1-0"]
[WhiteElo "1875"]
[BlackElo "1857"]

1. e4 e5 2. Nf3 Nf6 3. Nxe5 Nxe4 4. d4 Qe7 5. Be2 d6 6. Nf3 g6 7. O-O Bg7 8. Re1
O-O 9. Bd3 d5 10. Nc3 Nxc3 11. bxc3 Qd8 12. h3 Nd7 13. Qd2 Nb6 14. Ba3 Re8 15.
Rxe8+ Qxe8 16. Re1 Be6 17. Ng5 Bh6 18. f4 Qd7 19. Nxe6 fxe6 20. g3 Re8 21. Rb1
e5 22. Qf2 exf4 23. g4 Bg5 24. Bc1 Rf8 25. Qf3 c6 26. Bd2 Nc4 27. Bxc4 dxc4 28.
Re1 Bd8 29. Re4 g5 30. Bc1 Re8 31. Kf2 Kf7 32. Ba3 1-0

[Event "AUTO-ADV-2958"]
[Site "http://www.queenalice.com/game.php?id=1217463"]
[Date "2013.9.16"]
[Round "1"]
[White "Enroque"]
[Black "TITAN10"]
[Result "0-1"]
[WhiteElo "1874"]
[BlackElo "1858"]

1. d4 Nf6 2. c4 e6 3. Nf3 c5 4. b3 Nc6 5. Nc3 d5 6. e3 Be7 7. a3 a6 8. dxc5 Bxc5
9. b4 Be7 10. Bb2 O-O 11. Qc2 d4 12. Rd1 e5 13. Ne2 Bg4 14. exd4 exd4 15. Nfxd4
Nxd4 16. Bxd4 Qc7 17. f3 Be6 18. Ng3 Rac8 19. Rc1 Rfd8 20. Qc3 h6 21. Be2 Qd7
22. Bb6 Re8 23. O-O Bd8 24. Be3 Nd5 25. Qd2 Nxe3 26. Qxe3 Bxc4 27. Ne4 Bxe2 28.
Qxe2 Rxc1 29. Rxc1 Qe6 30. Qc4 Qe5 0-1

[Event "AUTO-ADV-2958"]
[Site "http://www.queenalice.com/game.php?id=1217478"]
[Date "2013.9.16"]
[Round "1"]
[White "Enroque"]
[Black "cucalegal"]
[Result "1-0"]
[WhiteElo "1840"]
[BlackElo "1642"]

1. d4 d5 2. c4 dxc4 3. e4 b5 4. Nc3 c6 5. Nf3 Qa5 6. Bd2 Qb4 7. Nd5 Qd6 8. Bf4
Qd8 9. Nc7+ Kd7 10. Ne5+ Kxc7 11. Nxf7+ Kd7 12. Nxd8 Kxd8 13. d5 Bd7 14. Bxb8
Rxb8 15. dxc6 Rb6 16. Qxd7# 1-0

[Event "AUTO-ADV-2958"]
[Site "http://www.queenalice.com/game.php?id=1217479"]
[Date "2013.9.16"]
[Round "1"]
[White "cucalegal"]
[Black "Enroque"]
[Result "1-0"]
[WhiteElo "1630"]
[BlackElo "1826"]

1. e4 e5 2. a3 Nf6 3. Nc3 Nc6 4. d3 Bc5 5. Be3 Bxe3 6. fxe3 d6 7. h3 Be6 8. g4
h6 9. Be2 Nh7 10. h4 Nf6 11. b4 a6 12. Qb1 Nxg4 13. Kd2 b5 14. Bxg4 Bxg4 15. Qf1
h5 16. Nd5 Rf8 17. Nf3 f5 18. Ng5 Kd7 19. Nh7 Rh8 20. Ng5 Qf8 21. Rh2 fxe4 22.
Qxf8 Raxf8 23. a4 exd3 24. axb5 axb5 25. Nc3 dxc2 26. Nge4 Ra8 27. Rxa8 Rxa8 28.
Kxc2 Nxb4+ 29. Kb3 Nd3 30. Nxb5 d5 31. Nf2 Nxf2 32. Rxf2 Rb8 33. Ka4 c6 34. Nc3
1-0

[Event "AUTO-ADV-2958"]
[Site "http://www.queenalice.com/game.php?id=1217480"]
[Date "2013.9.16"]
[Round "1"]
[White "Enroque"]
[Black "Lightbug"]
[Result "1-0"]
[WhiteElo "1867"]
[BlackElo "1898"]

1. d4 d5 2. c4 e6 3. Nf3 Nf6 4. Nc3 c6 5. e3 Bd6 6. Bd3 O-O 7. Qc2 Nbd7 8. Ng5
h6 9. h4 Re8 10. e4 dxe4 11. Ngxe4 Nxe4 12. Nxe4 Bc7 13. Bd2 Nf6 14. Nxf6+ Qxf6
15. O-O-O Qxf2 16. Rhf1 Qxg2 17. Bh7+ Kh8 18. Rxf7 e5 19. Rxc7 exd4 20. Bg6 Rd8
21. Rxg7 d3 22. Rh7+ Kg8 23. Rh8+ Kg7 24. Bc3+ 1-0

[Event "AUTO-ADV-2958"]
[Site "http://www.queenalice.com/game.php?id=1217481"]
[Date "2013.9.16"]
[Round "1"]
[White "Lightbug"]
[Black "Enroque"]
[Result "1-0"]
[WhiteElo "1884"]
[BlackElo "1840"]

1. d4 d5 2. c4 c6 3. Nf3 Nf6 4. e3 Bf5 5. Nc3 Na6 6. a3 g6 7. cxd5 cxd5 8. Bxa6
bxa6 9. O-O Qd6 10. h3 h5 11. Bd2 Nd7 12. Rc1 g5 13. Nxg5 f6 14. Nf3 Rg8 15. Kh1
Qe6 16. Kh2 Kf7 17. Qb3 Nb6 18. Ne2 Bh6 19. Ng3 Qd6 20. Bb4 Qb8 21. Kh1 Be6 22.
Nxh5 Nc4 23. Qc3 Qc8 24. b3 Bxh3 25. Ng3 Nxe3 26. Qxc8 Bxc8 27. fxe3 Rxg3 28.
Rc7 Bf8 29. Kh2 Rg7 30. Rfc1 Bf5 31. Rb7 Bc8 32. Rbc7 Bf5 33. R1c6 Rh7+ 34. Kg3
Rg7+ 35. Kf2 Bc2 36. Rxc2 1-0

[Event "Juguemos"]
[Site "http://www.queenalice.com/game.php?id=1500502"]
[Date "2017.10.26"]
[Round "-"]
[White "Enroque"]
[Black "igorjava"]
[Result "1-0"]
[WhiteElo "1854"]
[BlackElo "1936"]

1. d4 d5 2. c4 c6 3. Nf3 a6 4. e3 Nf6 5. Nc3 b5 6. b3 Bg4 7. Ba3 Qa5 8. Bb2 Ne4
9. Qc2 Nxc3 10. b4 Qxb4 11. Bxc3 Qd6 12. c5 Qc7 13. Ne5 Be6 14. Bd3 g6 15. a4
Ra7 16. O-O Bg7 17. Ra2 Nd7 18. Nxd7 Bxd7 19. Rfa1 Rb7 20. axb5 axb5 21. Ba5 Qc8
22. f4 e6 23. Bb6 O-O 24. Qf2 Re8 25. Qg3 Bf6 26. h4 Bd8 27. h5 Bxb6 28. hxg6
hxg6 29. cxb6 Rxb6 30. Bxg6 fxg6 31. Qxg6+ Kf8 32. Qf6+ Kg8 33. Kf2 Qd8 34. Qg6+
Kf8 35. Rh1 Ke7 36. Qg5+ Kd6 37. Qe5+ Ke7 38. Rh7+ 1-0

[Event "AUTO-ADV-3928"]
[Site "http://www.queenalice.com/game.php?id=1501462"]
[Date "2017.11.1"]
[Round "1"]
[White "peonaislado"]
[Black "Enroque"]
[Result "0-1"]
[WhiteElo "1823"]
[BlackElo "1891"]

1. d4 d5 2. c4 Nf6 3. Nc3 e6 4. Bg5 h6 5. Bh4 Bb4 6. e3 g5 7. Bg3 Ne4 8. Qc2 c5
9. cxd5 exd5 10. Bd3 cxd4 11. exd4 f5 12. Be5 Rh7 13. O-O-O Bxc3 14. Bxe4 Bxb2+
15. Qxb2 fxe4 16. Ne2 Nc6 17. Nc3 Bg4 18. Rde1 Nxe5 19. dxe5 Rc8 20. Kd2 Qa5 21.
Qb5+ Qxb5 22. Nxb5 Rc5 23. Rb1 b6 24. h3 Bh5 25. g4 Bg6 26. Rhc1 e3+ 0-1

[Event "AUTO-ADV-3928"]
[Site "http://www.queenalice.com/game.php?id=1501463"]
[Date "2017.11.1"]
[Round "1"]
[White "Enroque"]
[Black "peonaislado"]
[Result "1-0"]
[WhiteElo "1837"]
[BlackElo "1857"]

1. e4 c5 2. Nf3 Nf6 3. e5 Nd5 4. c4 Nb6 5. b3 d6 6. Bb2 Bg4 7. Be2 g6 8. exd6 f6
9. dxe7 Bxe7 10. Ng5 Bxe2 11. Qxe2 fxg5 12. Bxh8 Nc6 13. O-O Qd6 14. Re1 O-O-O
15. Bc3 h5 16. Na3 a6 17. Qe6+ Nd7 18. Nc2 Qxe6 19. Rxe6 Re8 20. Rxg6 h4 21. Re1
h3 22. g4 1-0

[Event "AUTO-ADV-3928"]
[Site "http://www.queenalice.com/game.php?id=1501480"]
[Date "2017.11.1"]
[Round "1"]
[White "Enroque"]
[Black "equus"]
[Result "1-0"]
[WhiteElo "1820"]
[BlackElo "1851"]

1. e4 c5 2. Nf3 Nc6 3. d4 cxd4 4. Nxd4 e5 5. Nb5 a6 6. Nd6+ Bxd6 7. Qxd6 Qe7 8.
Qxe7+ Ngxe7 9. c3 d6 10. b3 O-O 11. Ba3 Rd8 12. Nd2 Be6 13. Bc4 Bxc4 14. Nxc4
Nc8 15. O-O-O b5 16. Nxd6 Nxd6 17. Bxd6 f6 18. h4 Rd7 19. Bc5 Rxd1+ 20. Rxd1 Rd8
21. Rxd8+ Nxd8 22. a4 bxa4 23. bxa4 h5 24. Kd2 Kf7 25. Kd3 Ke8 26. Kc4 Nb7 27.
Bb4 Kd7 28. Kd5 g6 29. c4 Nd8 30. c5 Nc6 31. Bd2 Ne7+ 32. Kc4 Kc6 33. Bh6 Ng8
34. Bf8 f5 35. exf5 gxf5 36. Bd6 e4 37. Kd4 Nh6 38. f3 exf3 39. gxf3 Kd7 40. Ke5
Nf7+ 41. Kxf5 Nxd6+ 42. cxd6 Kxd6 43. f4 1-0

[Event "AUTO-ADV-3928"]
[Site "http://www.queenalice.com/game.php?id=1501481"]
[Date "2017.11.1"]
[Round "1"]
[White "equus"]
[Black "Enroque"]
[Result "0-1"]
[WhiteElo "1864"]
[BlackElo "1802"]

1. d4 d5 2. Bf4 c5 3. c3 Nf6 4. e3 e6 5. Nf3 Nc6 6. Bd3 b6 7. Ne5 Nxe5 8. dxe5
Ne4 9. Bxe4 dxe4 10. Qxd8+ Kxd8 11. O-O Be7 12. Rd1+ Kc7 13. Na3 Ba6 14. c4 Kc6
15. Rd2 Rhd8 16. Rad1 Rxd2 17. Rxd2 Rd8 18. Rxd8 Bxd8 19. b3 b5 20. cxb5+ Bxb5
21. Nc4 Bxc4 22. bxc4 Kb6 23. Kf1 Ka5 24. Ke2 Kb4 25. Kd2 Kxc4 26. Kc2 Bc7 27.
Bg3 Kd5 28. f4 exf3 29. gxf3 Bxe5 30. Bxe5 Kxe5 31. Kd3 f5 32. f4+ Kd5 33. h3
c4+ 34. Kc3 Ke4 0-1

[Event "AUTO-ADV-3928"]
[Site "http://www.queenalice.com/game.php?id=1501482"]
[Date "2017.11.1"]
[Round "1"]
[White "Enroque"]
[Black "Takeda"]
[Result "1-0"]
[WhiteElo "1873"]
[BlackElo "1933"]

1. d4 d5 2. Nc3 e6 3. Bf4 Nf6 4. Nf3 Bb4 5. a3 Ba5 6. b4 Bb6 7. e3 O-O 8. Bd3 a5
9. O-O axb4 10. axb4 Rxa1 11. Qxa1 Nc6 12. Qb2 Qe7 13. Na2 Nh5 14. c3 Nxf4 15.
exf4 Bd7 16. Qc2 h6 17. Re1 Ra8 18. Nc1 Qd6 19. g3 Ne7 20. Ne2 Ba4 21. Ra1 Qd7
22. Qb1 Qc8 23. b5 c5 24. bxc6 Qxc6 25. Ne5 1-0

[Event "AUTO-ADV-3928"]
[Site "http://www.queenalice.com/game.php?id=1501483"]
[Date "2017.11.1"]
[Round "1"]
[White "Takeda"]
[Black "Enroque"]
[Result "1-0"]
[WhiteElo "1964"]
[BlackElo "1906"]

1. e4 e5 2. Nf3 Nc6 3. d4 Nxd4 4. Nxe5 Nc6 5. Qd5 Qf6 6. Ng4 Qe6 7. Ne3 Nf6 8.
Qxe6+ dxe6 9. Nc3 Bb4 10. f3 Nd4 11. Bd2 O-O 12. O-O-O Bd7 13. a3 Bxc3 14. Bxc3
e5 15. Bxd4 exd4 16. Rxd4 Rfe8 17. Bc4 Bc6 18. Rhd1 g6 19. Nd5 Nxd5 20. Bxd5
Bxd5 21. Rxd5 Re7 22. Rd7 Rae8 23. R1d3 Kg7 24. Kd2 Kf6 25. Ke3 Rxd7 26. Rxd7
Re7 27. Rd4 c5 28. Rd5 b6 29. h4 h5 30. Kf4 Kg7 31. g4 hxg4 32. fxg4 Kh6 33. b3
Rc7 34. h5 Re7 35. g5+ Kh7 36. h6 Kg8 37. e5 1-0

[Event "AUTO-OPEN-3880"]
[Site "http://www.queenalice.com/game.php?id=1507278"]
[Date "2017.12.9"]
[Round "1"]
[White "Emilov"]
[Black "Enroque"]
[Result "1-0"]
[WhiteElo "1866"]
[BlackElo "1902"]

1. e4 e5 2. Nf3 Nc6 3. Bb5 Nf6 4. O-O d6 5. d4 exd4 6. Nxd4 Bd7 7. Nxc6 bxc6 8.
Bd3 g6 9. Re1 Be6 10. Bg5 Bg7 11. Nc3 Rb8 12. e5 dxe5 13. Ne4 Rxb2 14. a3 h6 15.
Qc1 Rb6 16. Bxf6 Bxf6 17. Rd1 Qe7 18. Nxf6+ Qxf6 19. Qe3 Qg7 20. Re1 Kf8 21.
Qc5+ Kg8 22. Rxe5 Rb5 23. Bxb5 cxb5 24. Qxc7 Kh7 25. Rae1 1-0

[Event "AUTO-OPEN-3880"]
[Site "http://www.queenalice.com/game.php?id=1507279"]
[Date "2017.12.9"]
[Round "1"]
[White "Enroque"]
[Black "Emilov"]
[Result "1-0"]
[WhiteElo "1883"]
[BlackElo "1951"]

1. d4 d5 2. c4 e6 3. Nc3 Nf6 4. Bf4 Bb4 5. a3 Bxc3+ 6. bxc3 dxc4 7. Qa4+ Bd7 8.
Qxc4 c6 9. Bd6 Ne4 10. Bxb8 Rxb8 11. e3 Qf6 12. Nf3 O-O 13. Bd3 Ng5 14. Ne5 Rfd8
15. h4 h6 16. hxg5 Qxg5 17. g4 Qf6 18. Bc2 Bc8 19. Qd3 Rd6 20. Rh3 g6 21. Ke2
Qg7 22. Rah1 Bd7 23. Rxh6 Be8 24. Qe4 Rbd8 25. Qf4 1-0

[Event "AUTO-OPEN-3880"]
[Site "http://www.queenalice.com/game.php?id=1507302"]
[Date "2017.12.9"]
[Round "1"]
[White "Magogue"]
[Black "Enroque"]
[Result "1-0"]
[WhiteElo "2358"]
[BlackElo "1894"]

1. h4 d5 2. d4 c5 3. dxc5 e5 4. b4 a5 5. c3 axb4 6. cxb4 Nc6 7. Bd2 Bf5 8. e3
Nh6 9. Nf3 Qf6 10. Bc3 Ng4 11. Qxd5 Rd8 12. Qb3 Be4 13. Be2 Bd5 14. Qa4 Qf5 15.
O-O Be7 16. b5 Nb8 17. Ng5 h5 18. e4 Bxe4 19. Qxe4 Qxe4 20. Nxe4 Bxh4 21. Bxg4
hxg4 22. Bxe5 f6 23. Bc7 Rd4 24. Nd6+ Kd7 25. Bxb8 Rxb8 26. Nf5 Rd5 27. Nxh4 g5
28. Nc3 Rxc5 29. Ne4 Rxb5 30. Rfd1+ 1-0

[Event "AUTO-OPEN-3880"]
[Site "http://www.queenalice.com/game.php?id=1507303"]
[Date "2017.12.9"]
[Round "1"]
[White "Enroque"]
[Black "Magogue"]
[Result "1/2-1/2"]
[WhiteElo "1906"]
[BlackElo "2432"]

1. d4 e6 2. e4 d5 3. e5 Nc6 4. Nf3 Be7 5. Bd3 f6 6. Bf4 g5 7. exf6 Bxf6 8. Nxg5
Bxg5 9. Qh5+ Kf8 10. Bxg5 Qd6 11. O-O Nxd4 12. c3 Nf5 13. Qf3 h5 14. Re1 Kf7 15.
Nd2 Nf6 16. Bf4 Qb6 17. b4 Nh4 18. Qg3 Rg8 19. Qxh4 Rg4 20. Be3 d4 21. Bxd4 Qxd4
22. cxd4 Rxh4 23. Nf3 Rf4 24. Bc4 Rf5 25. h4 Nd5 26. a3 Nf4 27. Ng5+ Ke7 28. g3
Nd5 29. Bd3 Rf6 30. Re5 a5 31. b5 Bd7 32. Rae1 c6 33. Bf5 Nc7 34. b6 Nb5 35.
Bxe6 Bxe6 36. Nxe6 Kf7 37. Nc7 Rd8 38. Nxb5 cxb5 39. Rxb5 Rxd4 40. Rxa5 Rd2 41.
f4 Rxb6 42. Rxh5 Rbb2 43. Rf5+ Kg6 44. Rg5+ Kf6 45. a4 Rg2+ 46. Kh1 Rh2+ 47. Kg1
Rbg2+ 48. Kf1 Rf2+ 49. Kg1 Rhg2+ 50. Kh1 Rh2+ 51. Kg1 Rhg2+ 52. Kh1 1/2-1/2

[Event "AUTO-OPEN-3880"]
[Site "http://www.queenalice.com/game.php?id=1507318"]
[Date "2017.12.9"]
[Round "1"]
[White "Enroque"]
[Black "paepum"]
[Result "1-0"]
[WhiteElo "1904"]
[BlackElo "1248"]

1. d4 e5 2. dxe5 d5 3. exd6 cxd6 4. Nc3 Nf6 5. e4 Qb6 6. h3 Nc6 7. a3 Nd4 8. b3
Qc5 9. Nge2 Nxe4 10. Be3 Nxc2+ 11. Qxc2 Qa5 12. Qxe4+ Be6 13. b4 Qf5 14. Qxb7
Rd8 15. Ng3 Qc2 16. Nce4 g5 17. Nf6# 1-0

[Event "AUTO-OPEN-3880"]
[Site "http://www.queenalice.com/game.php?id=1507319"]
[Date "2017.12.9"]
[Round "1"]
[White "paepum"]
[Black "Enroque"]
[Result "0-1"]
[WhiteElo "1248"]
[BlackElo "1892"]

1. d4 d5 2. Nf3 e6 3. e4 dxe4 4. Ne5 Nf6 5. c3 a6 6. Bc4 b5 7. Bb3 Bb7 8. O-O
Nbd7 9. Nd2 Bd6 10. Qe2 Nxe5 11. a4 Neg4 12. f3 Bxh2+ 13. Kh1 exf3 14. gxf3 Nh5
15. d5 Ng3+ 16. Kg2 Nxe2 17. axb5 Nf4+ 18. Kh1 Qh4 19. fxg4 Bg3+ 20. Kg1 Qh2#
0-1

[Event "AUTO-ADV-3928"]
[Site "http://www.queenalice.com/game.php?id=1512014"]
[Date "2018.1.15"]
[Round "2"]
[White "Enroque"]
[Black "MarcosT"]
[Result "0-1"]
[WhiteElo "1920"]
[BlackElo "1771"]

1. d4 d6 2. e4 Nf6 3. Nc3 e6 4. Nf3 a6 5. Bd3 Be7 6. O-O O-O 7. Re1 Bd7 8. e5
dxe5 9. dxe5 Nd5 10. Ne4 Nc6 11. a3 h6 12. c4 Nb6 13. b3 Bc8 14. Qe2 Nd4 15.
Nxd4 Qxd4 16. Ng3 Qxa1 17. Qe4 f5 18. exf6 Rxf6 19. Bxh6 Qxe1+ 20. Qxe1 Rxh6 21.
a4 Bd7 22. a5 Nc8 23. Qe4 Nd6 0-1

[Event "AUTO-ADV-3928"]
[Site "http://www.queenalice.com/game.php?id=1512015"]
[Date "2018.1.15"]
[Round "2"]
[White "MarcosT"]
[Black "Enroque"]
[Result "0-1"]
[WhiteElo "1834"]
[BlackElo "1892"]

1. e4 e5 2. Nf3 d6 3. d4 exd4 4. Nxd4 g6 5. Be3 Bg7 6. Bb5+ Bd7 7. Qe2 c5 8.
Bxd7+ Qxd7 9. Qb5 cxd4 10. Qxd7+ Nxd7 11. Bf4 d3 12. Nc3 dxc2 13. Rc1 Nc5 14.
Rxc2 Nd3+ 0-1

[Event "AUTO-ADV-3928"]
[Site "http://www.queenalice.com/game.php?id=1512016"]
[Date "2018.1.15"]
[Round "2"]
[White "Enroque"]
[Black "dadaspazzi"]
[Result "0-1"]
[WhiteElo "1890"]
[BlackElo "2104"]

1. d4 d5 2. c4 c6 3. Nf3 Nf6 4. Nc3 e6 5. Bg5 h6 6. Bf4 dxc4 7. a3 b5 8. e3 Nbd7
9. b3 Nd5 10. Nxd5 exd5 11. bxc4 bxc4 12. Qa4 Nb6 13. Qxc6+ Bd7 14. Qc7 Qxc7 15.
Bxc7 Rc8 16. Bg3 Bf5 17. Be2 Be7 0-1

[Event "AUTO-ADV-3928"]
[Site "http://www.queenalice.com/game.php?id=1512017"]
[Date "2018.1.15"]
[Round "2"]
[White "dadaspazzi"]
[Black "Enroque"]
[Result "1-0"]
[WhiteElo "2097"]
[BlackElo "1898"]

1. d4 d5 2. c4 e6 3. Nf3 Nf6 4. Nc3 c6 5. e3 g6 6. Bd3 dxc4 7. Bxc4 b5 8. Bb3
Bg7 9. O-O O-O 10. Bc2 Qc7 11. b4 Nbd7 12. Ng5 Nb6 13. f4 Bb7 14. Qe2 a5 15.
bxa5 Rxa5 16. Bb2 1-0